000 00330nam a22001337a 4500
005 20180305114142.0
008 170801b xxu||||| |||| 00| 0 eng d
040 _cPK-LaUMT
082 _aZIAC 297
_bLES-
245 _aLessons of Islam
_c [ ]
260 _aKuwait:
_bScientific Research House
_c1989
300 _a334 p
942 _cBK
999 _c96094
_d96094